[Event "69. UEM M2"]
[Site "Schweinfurt / Germany"]
[Date "2018.04.07"]
[Round "9.2"]
[White "Ersöz, Can"]
[Black "Kuhn, Norbert"]
[Result "1/2-1/2"]
[WhiteElo "1972"]
[BlackElo "2084"]
[Annotator "Lukas, Norbert"]
[PlyCount "41"]
[EventDate "2018.04.02"]
[EventType "swiss"]
[EventRounds "9"]
[EventCountry "GER"]
[SourceTitle "69. UEM"]
[Source "SK SW 2000 e.V."]
[SourceDate "2018.04.08"]
[SourceVersion "1"]
[SourceVersionDate "2018.04.08"]
[SourceQuality "1"]
[WhiteTeam "SV Würzburg von 1865 e.V."]
[BlackTeam "SV Würzburg von 1865 e.V."]

1. e4 e6 2. d4 d5 3. Nc3 Bb4 4. exd5 exd5 5. Bd3 Nf6 6. Nge2 O-O 7. O-O Bg4 8.
f3 Bh5 9. Bg5 c6 10. Nf4 Bg6 11. Nxg6 fxg6 12. Ne2 Bd6 13. Qd2 Qc7 14. Bf4 Nbd7
15. Bxd6 Qxd6 16. Rae1 Rae8 17. Ng3 Rxe1 18. Rxe1 Re8 19. Rxe8+ Nxe8 20. c3
Nef6 21. Ne2 1/2-1/2

[Event "69. UEM Sen"]
[Site "Schweinfurt / Germany"]
[Date "2018.04.02"]
[Round "1.4"]
[White "Memmel, Günther"]
[Black "Wirth, Reinhard"]
[Result "1-0"]
[WhiteElo "1876"]
[BlackElo "1715"]
[Annotator "Lukas, Norbert"]
[PlyCount "45"]
[EventDate "2018.04.02"]
[EventType "swiss"]
[EventRounds "7"]
[EventCountry "GER"]
[SourceTitle "69. UEM"]
[Source "SK SW 2000 e.V."]
[SourceDate "2018.04.08"]
[SourceVersion "1"]
[SourceVersionDate "2018.04.08"]
[SourceQuality "1"]
[WhiteTeam "Schachklub Schweinfurt 2000 e.V."]
[BlackTeam "SC 1947 Bergrheinfeld"]

1. e4 e5 2. Nf3 Nc6 3. Bb5 a6 4. Ba4 Nf6 5. O-O d6 6. d4 exd4 7. Nxd4 Bd7 8.
Nc3 Be7 9. Re1 O-O 10. Nxc6 bxc6 11. Bf4 d5 12. exd5 cxd5 13. Bxc7 Qxc7 14.
Rxe7 Rad8 15. Bxd7 Qd6 16. Qe2 Nxd7 17. Re1 Nf6 18. Qe5 Qxe5 19. R7xe5 d4 20.
Ne4 Nxe4 21. R5xe4 Rb8 22. b3 Rfd8 23. Rd1 1-0

[Event "69. UEM Sen"]
[Site "Schweinfurt / Germany"]
[Date "2018.04.02"]
[Round "1.2"]
[White "Neubauer, Jaroslaus"]
[Black "Nußbaumer, Hans"]
[Result "1-0"]
[WhiteElo "2010"]
[BlackElo "1871"]
[Annotator "Lukas, Norbert"]
[PlyCount "51"]
[EventDate "2018.04.02"]
[EventType "swiss"]
[EventRounds "7"]
[EventCountry "GER"]
[SourceTitle "69. UEM"]
[Source "SK SW 2000 e.V."]
[SourceDate "2018.04.08"]
[SourceVersion "1"]
[SourceVersionDate "2018.04.08"]
[SourceQuality "1"]
[WhiteTeam "Schachklub Schweinfurt 2000 e.V."]
[BlackTeam "SC Kitzingen von 1905"]

1. e4 Nf6 2. Nc3 d5 3. e5 Nfd7 4. f4 e6 5. d4 c5 6. Nf3 Nc6 7. Be3 Be7 8. Qd2
f6 9. Be2 O-O 10. O-O-O fxe5 11. fxe5 cxd4 12. Bxd4 Rf5 13. g4 Rf8 14. Kb1 a6
15. h4 Qc7 16. Rdf1 Ndxe5 17. Nxe5 Rxf1+ 18. Rxf1 Nxe5 19. Qf4 Qd7 20. Qxe5 Bd6
21. Qe3 Qe7 22. Be5 Bd7 23. g5 Bc5 24. Qf4 b5 25. Bh5 g6 26. Bg4 1-0

[Event "69. UEM Sen"]
[Site "Schweinfurt / Germany"]
[Date "2018.04.02"]
[Round "1.5"]
[White "Reichert, Josef"]
[Black "Völker, Joachim"]
[Result "1/2-1/2"]
[WhiteElo "1532"]
[BlackElo "1758"]
[Annotator "Lukas, Norbert"]
[PlyCount "53"]
[EventDate "2018.04.02"]
[EventType "swiss"]
[EventRounds "7"]
[EventCountry "GER"]
[SourceTitle "69. UEM"]
[Source "SK SW 2000 e.V."]
[SourceDate "2018.04.08"]
[SourceVersion "1"]
[SourceVersionDate "2018.04.08"]
[SourceQuality "1"]
[WhiteTeam "SC Maßbach 1951"]
[BlackTeam "Schachklub Schweinfurt 2000 e.V."]

1. d4 d5 2. c4 e6 3. Nc3 c5 4. e3 Nf6 5. Bd3 Nc6 6. Nf3 a6 7. b3 cxd4 8. exd4
dxc4 9. Bxc4 Bb4 10. Bb2 b5 11. Bd3 Nd5 12. Rc1 Bd7 13. O-O Nxc3 14. Bxc3 Ba3
15. Rc2 Nb4 16. Re2 Nd5 17. Bb2 Bxb2 18. Rxb2 Rc8 19. Qd2 Bc6 20. Rc1 O-O 21.
Rbc2 Qd6 22. Rc5 Bb7 23. b4 Qf4 24. Qxf4 Nxf4 25. Bf1 Nd5 26. a3 Nb6 27. Ne5
1/2-1/2

[Event "69. UEM Sen"]
[Site "Schweinfurt / Germany"]
[Date "2018.04.02"]
[Round "1.3"]
[White "Hinterleitner, Gerhard"]
[Black "Wiener, Horst"]
[Result "1/2-1/2"]
[WhiteElo "1733"]
[BlackElo "1946"]
[Annotator "Lukas, Norbert"]
[PlyCount "33"]
[EventDate "2018.04.02"]
[EventType "swiss"]
[EventRounds "7"]
[EventCountry "GER"]
[SourceTitle "69. UEM"]
[Source "SK SW 2000 e.V."]
[SourceDate "2018.04.08"]
[SourceVersion "1"]
[SourceVersionDate "2018.04.08"]
[SourceQuality "1"]
[WhiteTeam "SF Zeiler Turm"]
[BlackTeam "Schachklub Schweinfurt 2000 e.V."]

1. d4 Nf6 2. c4 g6 3. Nc3 Bg7 4. e4 d6 5. f3 O-O 6. Be3 Nbd7 7. Qd2 Re8 8.
O-O-O c6 9. g4 Qa5 10. h4 e5 11. d5 cxd5 12. cxd5 a6 13. Nge2 Nc5 14. Kb1 Bxg4
15. fxg4 Nxg4 16. h5 b5 17. Ng3 1/2-1/2

[Event "69. UEM Sen"]
[Site "Schweinfurt / Germany"]
[Date "2018.04.02"]
[Round "1.1"]
[White "Schmitt, Wolfgang Max"]
[Black "Lang, Stefan"]
[Result "1/2-1/2"]
[WhiteElo "1692"]
[BlackElo "2089"]
[Annotator "Lukas, Norbert"]
[PlyCount "33"]
[EventDate "2018.04.02"]
[EventType "swiss"]
[EventRounds "7"]
[EventCountry "GER"]
[SourceTitle "69. UEM"]
[Source "SK SW 2000 e.V."]
[SourceDate "2018.04.08"]
[SourceVersion "1"]
[SourceVersionDate "2018.04.08"]
[SourceQuality "1"]
[WhiteTeam "SK 1933 Bad Neustadt"]
[BlackTeam "SK 1933 Bad Neustadt"]

1. f4 g6 2. Nf3 Bg7 3. d4 d6 4. e3 a6 5. a4 b6 6. Be2 Bb7 7. O-O h5 8. Qe1 Nh6
9. c4 c5 10. d5 Nf5 11. Bd3 Nd7 12. Ra2 b5 13. b3 b4 14. Bb2 Bxb2 15. Rxb2 e6
16. e4 Nh6 17. Re2 1/2-1/2

[Event "69. UEM Sen"]
[Site "Schweinfurt / Germany"]
[Date "2018.04.03"]
[Round "2.6"]
[White "Wirth, Reinhard"]
[Black "Hofmann, Matthias"]
[Result "1/2-1/2"]
[WhiteElo "1715"]
[BlackElo "1719"]
[Annotator "Lukas, Norbert"]
[PlyCount "128"]
[EventDate "2018.04.02"]
[EventType "swiss"]
[EventRounds "7"]
[EventCountry "GER"]
[SourceTitle "69. UEM"]
[Source "SK SW 2000 e.V."]
[SourceDate "2018.04.08"]
[SourceVersion "1"]
[SourceVersionDate "2018.04.08"]
[SourceQuality "1"]
[WhiteTeam "SC 1947 Bergrheinfeld"]
[BlackTeam "TSV Lengfeld 1876 e.V."]

1. e4 e5 2. Nf3 Nc6 3. Bb5 Bc5 4. c3 Nf6 5. d3 Ng4 6. O-O d6 7. d4 exd4 8. cxd4
Bb4 9. Nc3 Bd7 10. Nd5 Ba5 11. Ne3 h5 12. Nc4 Bb6 13. Nxb6 axb6 14. Bd2 Ne7 15.
Bd3 Ng6 16. e5 O-O 17. Bxg6 fxg6 18. Qb3+ Kh8 19. Ng5 Qe7 20. e6 Ba4 21. Qd3
Rf6 22. Nf7+ Rxf7 23. exf7 Qxf7 24. f3 Nf6 25. Rfe1 Bc6 26. a3 Ng8 27. Re3 Ne7
28. Rae1 Nf5 29. R3e2 Qd5 30. Re6 Kh7 31. Bc3 Bd7 32. R6e2 Bb5 33. Qe4 Qg8 34.
Qe6 Bxe2 35. Rxe2 Qf8 36. g4 hxg4 37. fxg4 Nh4 38. Rf2 Qe8 39. d5 Qxe6 40. dxe6
Re8 41. Rf7 Rxe6 42. Rxg7+ Kh6 43. Rxc7 Nf3+ 44. Kf2 Nxh2 45. Kg3 Nf1+ 46. Kf4
g5+ 47. Kf5 Rg6 48. Ke4 Ng3+ 49. Kf3 Nf1 50. Rc8 Re6 51. Rh8+ Kg6 52. Kf2 Ne3
53. Kf3 Nd5 54. Bd4 b5 55. Rf8 Re7 56. Rf5 Rf7 57. Rxf7 Kxf7 58. Ke4 Ke6 59.
Bc3 Ne7 60. Ba5 Ng8 61. Bd8 Nf6+ 62. Bxf6 Kxf6 63. Kd5 Ke7 64. Kd4 Ke6 1/2-1/2

[Event "69. UEM Sen"]
[Site "Schweinfurt / Germany"]
[Date "2018.04.03"]
[Round "2.5"]
[White "Nußbaumer, Hans"]
[Black "Reichert, Josef"]
[Result "1-0"]
[WhiteElo "1871"]
[BlackElo "1532"]
[Annotator "Lukas, Norbert"]
[PlyCount "35"]
[EventDate "2018.04.02"]
[EventType "swiss"]
[EventRounds "7"]
[EventCountry "GER"]
[SourceTitle "69. UEM"]
[Source "SK SW 2000 e.V."]
[SourceDate "2018.04.08"]
[SourceVersion "1"]
[SourceVersionDate "2018.04.08"]
[SourceQuality "1"]
[WhiteTeam "SC Kitzingen von 1905"]
[BlackTeam "SC Maßbach 1951"]

1. e4 c5 2. c3 d6 3. d4 cxd4 4. cxd4 a6 5. Nc3 e6 6. Nf3 Nf6 7. Bd3 Be7 8. Qe2
Qc7 9. O-O b5 10. a3 Bb7 11. Be3 Nbd7 12. Rac1 Qd8 13. Nd2 Nb6 14. f4 d5 15. e5
Nfd7 16. f5 Bg5 17. fxe6 fxe6 18. Qh5+ 1-0

[Event "69. UEM Sen"]
[Site "Schweinfurt / Germany"]
[Date "2018.04.03"]
[Round "2.4"]
[White "Völker, Joachim"]
[Black "Hinterleitner, Gerhard"]
[Result "1/2-1/2"]
[WhiteElo "1758"]
[BlackElo "1733"]
[Annotator "Lukas, Norbert"]
[PlyCount "24"]
[EventDate "2018.04.02"]
[EventType "swiss"]
[EventRounds "7"]
[EventCountry "GER"]
[SourceTitle "69. UEM"]
[Source "SK SW 2000 e.V."]
[SourceDate "2018.04.08"]
[SourceVersion "1"]
[SourceVersionDate "2018.04.08"]
[SourceQuality "1"]
[WhiteTeam "Schachklub Schweinfurt 2000 e.V."]
[BlackTeam "SF Zeiler Turm"]

1. e4 e6 2. d4 d5 3. Nd2 dxe4 4. Nxe4 Nd7 5. Bd3 Ngf6 6. Nf3 Nxe4 7. Bxe4 Nf6
8. Bd3 Be7 9. O-O O-O 10. c3 b6 11. Ne5 Bb7 12. Qe2 Nd5 1/2-1/2

[Event "69. UEM Sen"]
[Site "Schweinfurt / Germany"]
[Date "2018.04.03"]
[Round "2.2"]
[White "Lang, Stefan"]
[Black "Memmel, Günther"]
[Result "1-0"]
[WhiteElo "2089"]
[BlackElo "1876"]
[Annotator "Lukas, Norbert"]
[PlyCount "77"]
[EventDate "2018.04.02"]
[EventType "swiss"]
[EventRounds "7"]
[EventCountry "GER"]
[SourceTitle "69. UEM"]
[Source "SK SW 2000 e.V."]
[SourceDate "2018.04.08"]
[SourceVersion "1"]
[SourceVersionDate "2018.04.08"]
[SourceQuality "1"]
[WhiteTeam "SK 1933 Bad Neustadt"]
[BlackTeam "Schachklub Schweinfurt 2000 e.V."]

1. d4 Nf6 2. c4 e6 3. Nf3 Bb4+ 4. Bd2 Bxd2+ 5. Qxd2 d5 6. e3 Nbd7 7. Nc3 O-O 8.
Be2 Ne4 9. Qc2 Ndf6 10. Rc1 c6 11. O-O Nxc3 12. Qxc3 Ne4 13. Qc2 Bd7 14. Bd3 f5
15. Ne5 Rc8 16. f3 Ng5 17. e4 fxe4 18. fxe4 Rxf1+ 19. Rxf1 dxe4 20. Bxe4 Be8
21. Qf2 Qe7 22. Bc2 c5 23. h4 Nf7 24. Nxf7 Bxf7 25. dxc5 Be8 26. b4 a5 27. a3
Bh5 28. Qf4 Rd8 29. Re1 Bf7 30. Re5 Qf6 31. Qg5 Rd4 32. Qxf6 gxf6 33. Re4 Rd2
34. Ba4 Ra2 35. Bd7 Rxa3 36. b5 Kf8 37. Bxe6 Be8 38. Bd5 Rd3 39. Bxb7 1-0

[Event "69. UEM Sen"]
[Site "Schweinfurt / Germany"]
[Date "2018.04.03"]
[Round "2.3"]
[White "Wiener, Horst"]
[Black "Schmitt, Wolfgang Max"]
[Result "1/2-1/2"]
[WhiteElo "1946"]
[BlackElo "1692"]
[Annotator "Lukas, Norbert"]
[PlyCount "34"]
[EventDate "2018.04.02"]
[EventType "swiss"]
[EventRounds "7"]
[EventCountry "GER"]
[SourceTitle "69. UEM"]
[Source "SK SW 2000 e.V."]
[SourceDate "2018.04.08"]
[SourceVersion "1"]
[SourceVersionDate "2018.04.08"]
[SourceQuality "1"]
[WhiteTeam "Schachklub Schweinfurt 2000 e.V."]
[BlackTeam "SK 1933 Bad Neustadt"]

1. d4 d5 2. c4 e5 3. cxd5 Qxd5 4. Nc3 Bb4 5. Qa4+ Nc6 6. Qxb4 Nxb4 7. Nxd5 Nxd5
8. Nf3 Nb4 9. Kd1 exd4 10. Nxd4 Bd7 11. a3 Nc6 12. Nxc6 Bxc6 13. Bf4 O-O-O+ 14.
Ke1 Ne7 15. e3 Ng6 16. Bg3 Rhe8 17. Bc4 Bxg2 1/2-1/2

[Event "69. UEM Sen"]
[Site "Schweinfurt / Germany"]
[Date "2018.04.04"]
[Round "3.6"]
[White "Reichert, Josef"]
[Black "Wirth, Reinhard"]
[Result "1/2-1/2"]
[WhiteElo "1532"]
[BlackElo "1715"]
[Annotator "Lukas, Norbert"]
[PlyCount "43"]
[EventDate "2018.04.02"]
[EventType "swiss"]
[EventRounds "7"]
[EventCountry "GER"]
[SourceTitle "69. UEM"]
[Source "SK SW 2000 e.V."]
[SourceDate "2018.04.08"]
[SourceVersion "1"]
[SourceVersionDate "2018.04.08"]
[SourceQuality "1"]
[WhiteTeam "SC Maßbach 1951"]
[BlackTeam "SC 1947 Bergrheinfeld"]

1. d4 Nf6 2. c4 g6 3. Nc3 d5 4. cxd5 Nxd5 5. e4 Nxc3 6. bxc3 Bg7 7. Bc4 c5 8.
Ne2 cxd4 9. cxd4 O-O 10. O-O Nd7 11. Be3 Nf6 12. f3 a6 13. a4 Ne8 14. Rb1 Nd6
15. Bd3 b5 16. axb5 axb5 17. Bxb5 Nxb5 18. Rxb5 Ba6 19. Rb2 Qa5 20. Qd2 Qxd2
21. Rxd2 Rfc8 22. Rfd1 1/2-1/2

[Event "69. UEM Sen"]
[Site "Schweinfurt / Germany"]
[Date "2018.04.04"]
[Round "3.5"]
[White "Hinterleitner, Gerhard"]
[Black "Nußbaumer, Hans"]
[Result "1/2-1/2"]
[WhiteElo "1733"]
[BlackElo "1871"]
[Annotator "Lukas, Norbert"]
[PlyCount "25"]
[EventDate "2018.04.02"]
[EventType "swiss"]
[EventRounds "7"]
[EventCountry "GER"]
[SourceTitle "69. UEM"]
[Source "SK SW 2000 e.V."]
[SourceDate "2018.04.08"]
[SourceVersion "1"]
[SourceVersionDate "2018.04.08"]
[SourceQuality "1"]
[WhiteTeam "SF Zeiler Turm"]
[BlackTeam "SC Kitzingen von 1905"]

1. d4 Nf6 2. c4 e5 3. dxe5 Ng4 4. e4 Nxe5 5. f4 Nec6 6. a3 a5 7. Be3 Na6 8. Nc3
Bc5 9. Qd2 O-O 10. Nf3 d6 11. O-O-O Re8 12. Bd3 Be6 13. Bxc5 1/2-1/2

[Event "69. UEM Sen"]
[Site "Schweinfurt / Germany"]
[Date "2018.04.04"]
[Round "3.1"]
[White "Lang, Stefan"]
[Black "Neubauer, Jaroslaus"]
[Result "1/2-1/2"]
[WhiteElo "2089"]
[BlackElo "2010"]
[Annotator "Lukas, Norbert"]
[PlyCount "107"]
[EventDate "2018.04.02"]
[EventType "swiss"]
[EventRounds "7"]
[EventCountry "GER"]
[SourceTitle "69. UEM"]
[Source "SK SW 2000 e.V."]
[SourceDate "2018.04.08"]
[SourceVersion "1"]
[SourceVersionDate "2018.04.08"]
[SourceQuality "1"]
[WhiteTeam "SK 1933 Bad Neustadt"]
[BlackTeam "Schachklub Schweinfurt 2000 e.V."]

1. c4 Nf6 2. Nc3 g6 3. e4 e5 4. g3 Bg7 5. Bg2 d6 6. Nge2 O-O 7. d3 a5 8. O-O
Na6 9. h3 Nc5 10. Be3 Nfd7 11. g4 Ne6 12. f4 exf4 13. Nxf4 Nxf4 14. Bxf4 Ne5
15. Qd2 c6 16. b3 c5 17. Rad1 Ra6 18. Bg5 f6 19. Be3 Nc6 20. Nb5 a4 21. d4 axb3
22. axb3 cxd4 23. Bxd4 Nxd4 24. Qxd4 Qe7 25. Nxd6 f5 26. Qd5+ Be6 27. Qxb7 Qxb7
28. Nxb7 fxg4 29. Nc5 Rxf1+ 30. Kxf1 Rb6 31. Nxe6 Rxe6 32. hxg4 Rb6 33. Rd3 Bf8
34. e5 Kg7 35. Bd5 Bc5 36. Rf3 Kh6 37. e6 Kg5 38. Rf7 Rxb3 39. Rxh7 Kxg4 40.
Rc7 Bd6 41. Rg7 g5 42. Ke2 Bc5 43. Rc7 Bd6 44. Rc6 Be7 45. Kd2 Kf5 46. Rc7 Kf6
47. Kc2 Rb8 48. Kc3 g4 49. c5 g3 50. c6 Rg8 51. Rb7 g2 52. Bxg2 Rg3+ 53. Kc4
Rxg2 54. Kb5 1/2-1/2

[Event "69. UEM Sen"]
[Site "Schweinfurt / Germany"]
[Date "2018.04.04"]
[Round "3.4"]
[White "Schmitt, Wolfgang Max"]
[Black "Völker, Joachim"]
[Result "1/2-1/2"]
[WhiteElo "1692"]
[BlackElo "1758"]
[Annotator "Lukas, Norbert"]
[PlyCount "33"]
[EventDate "2018.04.02"]
[EventType "swiss"]
[EventRounds "7"]
[EventCountry "GER"]
[SourceTitle "69. UEM"]
[Source "SK SW 2000 e.V."]
[SourceDate "2018.04.08"]
[SourceVersion "1"]
[SourceVersionDate "2018.04.08"]
[SourceQuality "1"]
[WhiteTeam "SK 1933 Bad Neustadt"]
[BlackTeam "Schachklub Schweinfurt 2000 e.V."]

1. f4 d5 2. Nf3 c5 3. e3 Nc6 4. c3 a6 5. Be2 Bg4 6. d4 Bxf3 7. Bxf3 e6 8. O-O
Nf6 9. Nd2 Bd6 10. Nb3 b6 11. Bd2 Qc7 12. Qe2 c4 13. Nc1 b5 14. a3 Ne4 15. Bxe4
dxe4 16. g3 f5 17. Kh1 1/2-1/2

[Event "69. UEM Sen"]
[Site "Schweinfurt / Germany"]
[Date "2018.04.04"]
[Round "3.3"]
[White "Memmel, Günther"]
[Black "Gerhard, Georg"]
[Result "1-0"]
[WhiteElo "1876"]
[BlackElo "1208"]
[Annotator "Lukas, Norbert"]
[PlyCount "59"]
[EventDate "2018.04.02"]
[EventType "swiss"]
[EventRounds "7"]
[EventCountry "GER"]
[SourceTitle "69. UEM"]
[Source "SK SW 2000 e.V."]
[SourceDate "2018.04.08"]
[SourceVersion "1"]
[SourceVersionDate "2018.04.08"]
[SourceQuality "1"]
[WhiteTeam "Schachklub Schweinfurt 2000 e.V."]
[BlackTeam "TSV 1895 Karlburg e.V."]

1. e4 c5 2. Nf3 Nc6 3. d4 cxd4 4. Nxd4 e5 5. Nb5 a6 6. Nd6+ Bxd6 7. Qxd6 Nge7
8. Nc3 O-O 9. Bg5 f6 10. Bc4+ Kh8 11. Be3 b5 12. Bb3 b4 13. Nd5 Nxd5 14. exd5
Ne7 15. Bc5 a5 16. Qxe7 Qxe7 17. Bxe7 Re8 18. d6 a4 19. Bf7 Ba6 20. Bxe8 Rxe8
21. Rc1 Rc8 22. Kd2 Rc5 23. f3 Rd5+ 24. Ke3 Rc5 25. c3 b3 26. axb3 axb3 27. Ra1
Bb7 28. Ra3 Rb5 29. Rha1 Bd5 30. Ra8+ 1-0

[Event "69. UEM Sen"]
[Site "Schweinfurt / Germany"]
[Date "2018.04.04"]
[Round "3.2"]
[White "Hofmann, Matthias"]
[Black "Wiener, Horst"]
[Result "1/2-1/2"]
[WhiteElo "1719"]
[BlackElo "1946"]
[Annotator "Lukas, Norbert"]
[PlyCount "47"]
[EventDate "2018.04.02"]
[EventType "swiss"]
[EventRounds "7"]
[EventCountry "GER"]
[SourceTitle "69. UEM"]
[Source "SK SW 2000 e.V."]
[SourceDate "2018.04.08"]
[SourceVersion "1"]
[SourceVersionDate "2018.04.08"]
[SourceQuality "1"]
[WhiteTeam "TSV Lengfeld 1876 e.V."]
[BlackTeam "Schachklub Schweinfurt 2000 e.V."]

1. e4 e6 2. Nc3 d5 3. f4 d4 4. Nce2 c5 5. Nf3 Nc6 6. d3 Nf6 7. c3 Qb6 8. b3 Be7
9. h3 O-O 10. Bb2 Rd8 11. Qc2 Bd7 12. c4 Nb4 13. Qd2 Qa5 14. Kf2 Qc7 15. g4 Bc6
16. Ng3 a5 17. a4 b6 18. g5 Nd7 19. h4 Bd6 20. e5 Bf8 21. Bg2 Qb7 22. Rag1 Re8
23. Re1 Rad8 24. Ba3 1/2-1/2

[Event "69. UEM Sen"]
[Site "Schweinfurt / Germany"]
[Date "2018.04.04"]
[Round "4.6"]
[White "Gerhard, Georg"]
[Black "Wirth, Reinhard"]
[Result "0-1"]
[WhiteElo "1208"]
[BlackElo "1715"]
[Annotator "Lukas, Norbert"]
[PlyCount "52"]
[EventDate "2018.04.02"]
[EventType "swiss"]
[EventRounds "7"]
[EventCountry "GER"]
[SourceTitle "69. UEM"]
[Source "SK SW 2000 e.V."]
[SourceDate "2018.04.08"]
[SourceVersion "1"]
[SourceVersionDate "2018.04.08"]
[SourceQuality "1"]
[WhiteTeam "TSV 1895 Karlburg e.V."]
[BlackTeam "SC 1947 Bergrheinfeld"]

1. e4 e5 2. f4 d5 3. exd5 e4 4. Nc3 Nf6 5. d3 Bb4 6. Bd2 Bg4 7. Be2 Bxe2 8.
Ngxe2 exd3 9. cxd3 O-O 10. O-O c6 11. a3 Bd6 12. dxc6 Nxc6 13. Ne4 Bc7 14.
Nxf6+ Qxf6 15. Bc3 Qd6 16. Qd2 Rfe8 17. Rfe1 Re6 18. Rad1 Bb6+ 19. Kh1 Rae8 20.
Nc1 Be3 21. Qc2 Bxf4 22. Rxe6 Rxe6 23. g3 Bg5 24. Ne2 Qd5+ 25. Kg1 Qf3 26. Bd4
Rxe2 0-1

[Event "69. UEM Sen"]
[Site "Schweinfurt / Germany"]
[Date "2018.04.04"]
[Round "4.4"]
[White "Nußbaumer, Hans"]
[Black "Schmitt, Wolfgang Max"]
[Result "1-0"]
[WhiteElo "1871"]
[BlackElo "1692"]
[Annotator "Lukas, Norbert"]
[PlyCount "37"]
[EventDate "2018.04.02"]
[EventType "swiss"]
[EventRounds "7"]
[EventCountry "GER"]
[SourceTitle "69. UEM"]
[Source "SK SW 2000 e.V."]
[SourceDate "2018.04.08"]
[SourceVersion "1"]
[SourceVersionDate "2018.04.08"]
[SourceQuality "1"]
[WhiteTeam "SC Kitzingen von 1905"]
[BlackTeam "SK 1933 Bad Neustadt"]

1. e4 e5 2. f4 exf4 3. Nf3 Be7 4. Bc4 Bh4+ 5. g3 fxg3 6. O-O gxh2+ 7. Kh1 Nh6
8. d4 d5 9. Bxd5 c6 10. Bb3 Bh3 11. Bxh6 Bxf1 12. Qxf1 Qf6 13. Be3 Nd7 14. Nbd2
Bg3 15. Qh3 Bc7 16. Ng5 O-O-O 17. Nxf7 h6 18. Nxh8 Rxh8 19. Rf1 1-0

[Event "69. UEM Sen"]
[Site "Schweinfurt / Germany"]
[Date "2018.04.04"]
[Round "4.5"]
[White "Reichert, Josef"]
[Black "Hinterleitner, Gerhard"]
[Result "0-1"]
[WhiteElo "1532"]
[BlackElo "1733"]
[Annotator "Lukas, Norbert"]
[PlyCount "50"]
[EventDate "2018.04.02"]
[EventType "swiss"]
[EventRounds "7"]
[EventCountry "GER"]
[SourceTitle "69. UEM"]
[Source "SK SW 2000 e.V."]
[SourceDate "2018.04.08"]
[SourceVersion "1"]
[SourceVersionDate "2018.04.08"]
[SourceQuality "1"]
[WhiteTeam "SC Maßbach 1951"]
[BlackTeam "SF Zeiler Turm"]

1. d4 e6 2. c4 d5 3. Nf3 Nf6 4. Bg5 Nbd7 5. e3 c6 6. Nc3 Qa5 7. Nd2 Bb4 8. Qc2
O-O 9. a3 Re8 10. Rc1 Bxc3 11. Qxc3 Qxc3 12. Rxc3 e5 13. dxe5 Rxe5 14. Bf4 Re8
15. Be2 Nf8 16. O-O d4 17. Rd3 Bf5 18. Rxd4 Ne6 19. Nf3 Nxd4 20. Nxd4 Bg6 21.
h3 Rad8 22. Bf3 h6 23. g4 Ne4 24. Bxe4 Rxe4 25. f3 Rxf4 0-1

[Event "69. UEM Sen"]
[Site "Schweinfurt / Germany"]
[Date "2018.04.04"]
[Round "4.2"]
[White "Wiener, Horst"]
[Black "Lang, Stefan"]
[Result "1/2-1/2"]
[WhiteElo "1946"]
[BlackElo "2089"]
[Annotator "Lukas, Norbert"]
[PlyCount "67"]
[EventDate "2018.04.02"]
[EventType "swiss"]
[EventRounds "7"]
[EventCountry "GER"]
[SourceTitle "69. UEM"]
[Source "SK SW 2000 e.V."]
[SourceDate "2018.04.08"]
[SourceVersion "1"]
[SourceVersionDate "2018.04.08"]
[SourceQuality "1"]
[WhiteTeam "Schachklub Schweinfurt 2000 e.V."]
[BlackTeam "SK 1933 Bad Neustadt"]

1. e4 c5 2. Nf3 Nc6 3. d4 cxd4 4. Nxd4 Nf6 5. Nc3 e5 6. Ndb5 d6 7. Bg5 a6 8.
Na3 b5 9. Nd5 Be7 10. Bxf6 Bxf6 11. c3 Bg5 12. g3 Rb8 13. Nc2 Be6 14. Nce3 Bxe3
15. Nxe3 Ne7 16. Bg2 O-O 17. O-O g6 18. Qd3 Qb6 19. Rfd1 Rbd8 20. Rd2 Kh8 21.
Qe2 f5 22. exf5 gxf5 23. Nd5 Bxd5 24. Bxd5 Ng6 25. Bg2 Rf6 26. Rad1 Re8 27. Bf3
Rg8 28. Kh1 e4 29. Bg2 Ne5 30. f4 Ng4 31. Rd4 Rh6 32. h3 e3 33. Rf1 Qc7 34. Rf3
1/2-1/2

[Event "69. UEM Sen"]
[Site "Schweinfurt / Germany"]
[Date "2018.04.04"]
[Round "4.1"]
[White "Neubauer, Jaroslaus"]
[Black "Memmel, Günther"]
[Result "1-0"]
[WhiteElo "2010"]
[BlackElo "1876"]
[Annotator "Lukas, Norbert"]
[PlyCount "67"]
[EventDate "2018.04.02"]
[EventType "swiss"]
[EventRounds "7"]
[EventCountry "GER"]
[SourceTitle "69. UEM"]
[Source "SK SW 2000 e.V."]
[SourceDate "2018.04.08"]
[SourceVersion "1"]
[SourceVersionDate "2018.04.08"]
[SourceQuality "1"]
[WhiteTeam "Schachklub Schweinfurt 2000 e.V."]
[BlackTeam "Schachklub Schweinfurt 2000 e.V."]

1. e4 c6 2. d4 d5 3. Nc3 dxe4 4. Nxe4 Bf5 5. Ng3 Bg6 6. h4 h6 7. Nh3 Nf6 8. Nf4
Bh7 9. Bc4 Nd5 10. O-O Qd6 11. Qf3 e6 12. Re1 Be7 13. c3 O-O 14. Qg4 Nf6 15.
Qf3 b5 16. Bd3 Bxd3 17. Nxd3 Qd5 18. Qxd5 cxd5 19. a4 bxa4 20. Rxa4 Nc6 21. Bf4
Nd7 22. h5 Nb6 23. Ra6 Rfc8 24. Rea1 Kf8 25. Ne2 Ke8 26. Nec1 Kd7 27. Nb3 Bd6
28. Nbc5+ Kc7 29. Bxd6+ Kxd6 30. b4 Rc7 31. b5 Ne7 32. Rxb6+ axb6 33. Rxa8 bxc5
34. dxc5+ 1-0